000 00442nam a2200181Ia 4500
008 090124s9999 xx 000 0 und d
082 _b23330
_a2435
100 _aबागवे अशोक
245 _a आलम्
250 _a1
260 _c1981
300 _a81
600 _aबागवे अशोक
630 _a आलम्
700 _aबागवे अशोक
730 _a आलम्
942 _cBOOK
999 _c136935
_d136935